Mistrz Hiszpanii w piłce nożnej - Statystyki

Ogólne statystyki
  • Ten quiz został rozwiązany 28 razy
  • Średni wynik to 5 z 9
Statystyki odpowiedzi
Ilość Klub % Poprawnych
36 Real Madryt
100%
28 Barcelona
96%
6 Valencia
70%
8 Athletic Bilbao
59%
1 Sevilla
59%
2 Real Sociedad
44%
11 Atlético Madryt
41%
1 Real Betis
37%
1 La Coruna
11%
Nie znaleziono quizów pasujących do podanych kryteriów
Rozkład punktacji
Procent ludzi z każdym wynikiem
Percentyl według liczby udzielonych odpowiedzi
Twoja historia wyników
Nie rozwiązałeś tego quizu